[Event "DEM U14w 2014"]
[Site "Magdeburg GER"]
[Date "2014.06.14"]
[Round "9"]
[White "Halas, Julia"]
[Black "Rogozenco, Teodora"]
[Result "0-1"]
[Termination "normal"]
[Board "2"]
[WhiteElo "1589"]
[BlackElo "1865"]
[WhiteClock "00:00:59"]
[BlackClock "00:00:52"]
[PlyCount "84"]
[WhiteFideId "12931810"]
[BlackFideId "12938084"]
[EventCountry "GER"]
[EventRounds "9"]
[EventType "swiss"]
[EventDate "2014.06.07"]

1. d4 {[%clk 1:30:58]} Nf6 {[%clk 1:30:54]} 2. c4 {[%clk 1:31:21]} g6 {[%clk
1:31:16]} 3. Nc3 {[%clk 1:31:45]} Bg7 {[%clk 1:31:43]} 4. e4 {[%clk 1:32:07]}
d6 {[%clk 1:32:09]} 5. Nf3 {[%clk 1:31:19]} O-O {[%clk 1:32:30]} 6. Be2 {[%clk
1:31:45]} Nbd7 {[%clk 1:32:43]} 7. O-O {[%clk 1:31:43]} e5 {[%clk 1:33:04]} 8.
d5 {[%clk 1:32:09]} a5 {[%clk 1:29:34]} 9. Ne1 {[%clk 1:14:35]} Nc5 {[%clk
1:24:49]} 10. f3 {[%clk 1:05:48]} Nh5 {[%clk 1:22:56]} 11. Be3 {[%clk 1:00:18]}
f5 {[%clk 1:18:28]} 12. Nd3 {[%clk 0:57:49]} b6 {[%clk 0:58:04]} 13. Nxc5
{[%clk 0:46:43]} bxc5 {[%clk 0:58:20]} 14. Re1 {[%clk 0:42:56]} f4 {[%clk
0:55:36]} 15. Bf2 {[%clk 0:42:38]} g5 {[%clk 0:46:19]} 16. a3 {[%clk 0:39:13]}
Nf6 {[%clk 0:45:52]} 17. b4 {[%clk 0:36:06]} axb4 {[%clk 0:43:46]} 18. axb4
{[%clk 0:36:20]} Rxa1 {[%clk 0:43:49]} 19. Qxa1 {[%clk 0:36:49]} cxb4 {[%clk
0:42:58]} 20. Nb5 {[%clk 0:36:24]} g4 {[%clk 0:36:52]} 21. Qa5 {[%clk 0:31:45]}
g3 {[%clk 0:24:32]} 22. hxg3 {[%clk 0:14:00]} fxg3 {[%clk 0:24:54]} 23. Bxg3
{[%clk 0:13:37]} Nh5 {[%clk 0:25:12]} 24. Bh2 {[%clk 0:12:00]} Qg5 {[%clk
0:25:23]} 25. Qa7 {[%clk 0:05:28]} Rf6 {[%clk 0:11:45]} 26. Qb8 {[%clk
0:04:10]} Qe3+ {[%clk 0:08:21]} 27. Kf1 {[%clk 0:03:17]} Rf8 {[%clk 0:01:14]}
28. Qa7 {[%clk 0:03:20]} Qxe4 {[%clk 0:01:34]} 29. Qf2 {[%clk 0:03:41]} Qg6
{[%clk 0:01:40]} 30. Nxc7 {[%clk 0:02:12]} e4 {[%clk 0:01:19]} 31. f4 {[%clk
0:02:27]} Qh6 {[%clk 0:00:53]} 32. Bxh5 {[%clk 0:02:36]} Qxh5 {[%clk 0:01:19]}
33. g3 {[%clk 0:01:32]} b3 {[%clk 0:01:24]} 34. Rb1 {[%clk 0:01:20]} e3 {[%clk
0:01:34]} 35. Qe2 {[%clk 0:01:41]} Bg4 {[%clk 0:01:50]} 36. Qxe3 {[%clk
0:00:57]} b2 {[%clk 0:00:52]} 37. Qf2 {[%clk 0:00:52]} Bf5 {[%clk 0:00:55]} 38.
Rxb2 {[%clk 0:01:15]} Bxb2 {[%clk 0:01:22]} 39. Qxb2 {[%clk 0:01:38]} Qf3+
{[%clk 0:01:31]} 40. Qf2 {[%clk 0:01:17]} Bh3+ {[%clk 0:01:53]} 41. Ke1 {[%clk
0:01:09]} Qc3+ {[%clk 0:00:47]} 42. Qd2 {[%clk 0:00:59]} Qxc4 {[%clk 0:00:52]}
0-1

[Event "DEM U14w 2014"]
[Site "Magdeburg GER"]
[Date "2014.06.14"]
[Round "9"]
[White "Poetsch, Leonore"]
[Black "Simon, Tessa"]
[Result "0-1"]
[Termination "normal"]
[Board "3"]
[WhiteElo "1529"]
[BlackElo "1656"]
[WhiteClock "01:12:27"]
[BlackClock "00:13:36"]
[PlyCount "36"]
[WhiteFideId "12940372"]
[BlackFideId "12929395"]
[EventCountry "GER"]
[EventRounds "9"]
[EventType "swiss"]
[EventDate "2014.06.07"]

1. e4 {[%clk 1:30:58]} e5 {[%clk 1:30:52]} 2. Bc4 {[%clk 1:31:17]} Nf6 {[%clk
1:30:50]} 3. Nf3 {[%clk 1:31:25]} Nc6 {[%clk 1:29:30]} 4. Ng5 {[%clk 1:31:26]}
d5 {[%clk 1:27:48]} 5. exd5 {[%clk 1:31:50]} Nd4 {[%clk 1:20:28]} 6. c3 {[%clk
1:29:24]} Nf5 {[%clk 1:15:34]} 7. Bb5+ {[%clk 1:26:13]} Bd7 {[%clk 1:13:58]} 8.
Qa4 {[%clk 1:23:16]} h6 {[%clk 1:09:00]} 9. Bxd7+ {[%clk 1:23:08]} Nxd7 {[%clk
1:09:00]} 10. Nf3 {[%clk 1:22:09]} Bd6 {[%clk 1:08:39]} 11. O-O {[%clk
1:21:20]} O-O {[%clk 1:06:49]} 12. Qc2 {[%clk 1:20:27]} Qf6 {[%clk 0:58:28]}
13. d3 {[%clk 1:19:18]} Qg6 {[%clk 0:48:55]} 14. Be3 {[%clk 1:17:44]} Nf6
{[%clk 0:41:56]} 15. c4 {[%clk 1:16:12]} Ng4 {[%clk 0:32:37]} 16. Qe2 {[%clk
1:14:09]} Qh5 {[%clk 0:21:47]} 17. g3 {[%clk 1:13:14]} Nxh2 {[%clk 0:13:48]}
18. Re1 {[%clk 1:12:27]} Nxf3+ {[%clk 0:13:36]} 0-1

[Event "DEM U14w 2014"]
[Site "Magdeburg GER"]
[Date "2014.06.14"]
[Round "9"]
[White "Walker, Julia"]
[Black "Sanati, Charlotte"]
[Result "1/2-1/2"]
[Termination "normal"]
[Board "4"]
[WhiteElo "1673"]
[BlackElo "1760"]
[WhiteClock "00:01:39"]
[BlackClock "00:08:59"]
[PlyCount "112"]
[WhiteFideId "1271852"]
[BlackFideId "12907707"]
[EventCountry "GER"]
[EventRounds "9"]
[EventType "swiss"]
[EventDate "2014.06.07"]

1. e4 {[%clk 1:30:58]} c5 {[%clk 1:30:55]} 2. c3 {[%clk 1:31:21]} d5 {[%clk
1:31:19]} 3. exd5 {[%clk 1:31:44]} Qxd5 {[%clk 1:31:43]} 4. d4 {[%clk 1:32:04]}
Nf6 {[%clk 1:31:58]} 5. Nf3 {[%clk 1:32:15]} Bg4 {[%clk 1:32:10]} 6. Qa4+
{[%clk 1:32:29]} Bd7 {[%clk 1:19:19]} 7. Qb3 {[%clk 1:32:18]} Qxb3 {[%clk
1:16:16]} 8. axb3 {[%clk 1:32:37]} e6 {[%clk 1:16:09]} 9. Na3 {[%clk 1:31:06]}
cxd4 {[%clk 1:06:33]} 10. Nb5 {[%clk 1:30:13]} Bxb5 {[%clk 1:04:56]} 11. Bxb5+
{[%clk 1:30:31]} Nbd7 {[%clk 1:04:41]} 12. Nxd4 {[%clk 1:27:49]} Bc5 {[%clk
1:04:24]} 13. Be3 {[%clk 1:18:50]} O-O {[%clk 1:00:31]} 14. b4 {[%clk 1:08:40]}
Bxd4 {[%clk 0:56:06]} 15. Bxd4 {[%clk 1:08:28]} a6 {[%clk 0:56:21]} 16. Be2
{[%clk 0:54:05]} Nd5 {[%clk 0:54:48]} 17. O-O {[%clk 0:53:08]} e5 {[%clk
0:51:47]} 18. Bc5 {[%clk 0:43:14]} Nxc5 {[%clk 0:47:55]} 19. bxc5 {[%clk
0:43:37]} Rfe8 {[%clk 0:37:34]} 20. Rfd1 {[%clk 0:34:09]} Nf4 {[%clk 0:33:31]}
21. Bc4 {[%clk 0:33:34]} Red8 {[%clk 0:31:19]} 22. c6 {[%clk 0:30:31]} bxc6
{[%clk 0:24:27]} 23. Bxa6 {[%clk 0:29:54]} Kf8 {[%clk 0:22:59]} 24. Rxd8+
{[%clk 0:20:41]} Rxd8 {[%clk 0:23:07]} 25. g3 {[%clk 0:20:10]} Ne6 {[%clk
0:21:08]} 26. Bb7 {[%clk 0:16:31]} c5 {[%clk 0:20:32]} 27. Ra8 {[%clk 0:16:06]}
Ke7 {[%clk 0:18:40]} 28. Rxd8 {[%clk 0:16:26]} Nxd8 {[%clk 0:18:41]} 29. Bd5
{[%clk 0:14:52]} Kd6 {[%clk 0:18:50]} 30. c4 {[%clk 0:14:33]} f5 {[%clk
0:17:12]} 31. Kf1 {[%clk 0:14:10]} g5 {[%clk 0:16:29]} 32. Ke2 {[%clk 0:14:13]}
Nc6 {[%clk 0:12:29]} 33. f3 {[%clk 0:09:14]} Nd4+ {[%clk 0:10:36]} 34. Kd3
{[%clk 0:09:34]} Kc7 {[%clk 0:05:32]} 35. Kc3 {[%clk 0:07:32]} Ne2+ {[%clk
0:05:30]} 36. Kb3 {[%clk 0:07:13]} Kb6 {[%clk 0:05:44]} 37. Ka4 {[%clk
0:06:49]} Nd4 {[%clk 0:03:01]} 38. b4 {[%clk 0:05:06]} cxb4 {[%clk 0:03:18]}
39. Kxb4 {[%clk 0:05:28]} Nc2+ {[%clk 0:03:30]} 40. Kc3 {[%clk 0:05:10]} Ne3
{[%clk 0:02:09]} 41. Be6 {[%clk 0:30:39]} Kc5 {[%clk 0:27:42]} 42. Kd3 {[%clk
0:29:15]} f4 {[%clk 0:21:45]} 43. g4 {[%clk 0:13:50]} Nf1 {[%clk 0:19:01]} 44.
Ke4 {[%clk 0:11:14]} Nxh2 {[%clk 0:16:54]} 45. Bd5 {[%clk 0:11:20]} Nf1 {[%clk
0:14:45]} 46. Kxe5 {[%clk 0:11:29]} Ne3 {[%clk 0:14:24]} 47. Kf6 {[%clk
0:04:06]} h6 {[%clk 0:13:47]} 48. Ba8 {[%clk 0:02:01]} Nd1 {[%clk 0:10:34]} 49.
Kg6 {[%clk 0:02:11]} Nf2 {[%clk 0:10:55]} 50. Kxh6 {[%clk 0:02:22]} Nh3 {[%clk
0:11:20]} 51. Bd5 {[%clk 0:02:05]} Kd4 {[%clk 0:10:39]} 52. Kg6 {[%clk
0:02:24]} Ke5 {[%clk 0:10:34]} 53. Kf7 {[%clk 0:02:29]} Nf2 {[%clk 0:09:59]}
54. Kg6 {[%clk 0:01:52]} Nh3 {[%clk 0:10:26]} 55. Be4 {[%clk 0:01:37]} Kd4
{[%clk 0:08:59]} 56. Bd5 {[%clk 0:01:39]} Kxd5 1/2-1/2

[Event "DEM U14w 2014"]
[Site "Magdeburg GER"]
[Date "2014.06.14"]
[Round "9"]
[White "Moses, Selina"]
[Black "Köhler, Inken"]
[Result "0-1"]
[Termination "normal"]
[Board "5"]
[WhiteElo "1786"]
[BlackElo "1729"]
[WhiteClock "00:23:38"]
[BlackClock "00:33:58"]
[PlyCount "46"]
[WhiteFideId "12908070"]
[BlackFideId "12929301"]
[EventCountry "GER"]
[EventRounds "9"]
[EventType "swiss"]
[EventDate "2014.06.07"]

1. e4 {[%clk 1:30:58]} c5 {[%clk 1:30:54]} 2. Nf3 {[%clk 1:31:23]} e6 {[%clk
1:31:19]} 3. d4 {[%clk 1:31:49]} cxd4 {[%clk 1:31:44]} 4. Nxd4 {[%clk 1:32:15]}
Nf6 {[%clk 1:32:07]} 5. Nc3 {[%clk 1:32:37]} Nc6 {[%clk 1:32:31]} 6. Ndb5
{[%clk 1:32:54]} Bc5 {[%clk 1:32:48]} 7. Nd6+ {[%clk 1:31:10]} Ke7 {[%clk
1:33:09]} 8. Nc4 {[%clk 1:23:06]} d5 {[%clk 1:31:50]} 9. exd5 {[%clk 1:17:58]}
exd5 {[%clk 1:31:45]} 10. Nd2 {[%clk 1:13:07]} Ng4 {[%clk 1:06:32]} 11. Qe2+
{[%clk 0:57:31]} Be6 {[%clk 1:06:17]} 12. Nb3 {[%clk 0:54:57]} Bxf2+ {[%clk
1:04:44]} 13. Kd1 {[%clk 0:55:11]} Bb6 {[%clk 1:02:39]} 14. Bg5+ {[%clk
0:52:27]} f6 {[%clk 1:01:00]} 15. Bh4 {[%clk 0:52:49]} Nge5 {[%clk 0:51:51]}
16. h3 {[%clk 0:48:19]} Rc8 {[%clk 0:46:58]} 17. Bf2 {[%clk 0:41:11]} d4 {[%clk
0:36:36]} 18. Nb5 {[%clk 0:31:59]} Nb4 {[%clk 0:35:19]} 19. Na3 {[%clk
0:31:40]} d3 {[%clk 0:33:47]} 20. cxd3 {[%clk 0:25:04]} Nbxd3 {[%clk 0:33:58]}
21. Bxb6 {[%clk 0:25:19]} Nxb2+ {[%clk 0:33:25]} 22. Ke1 {[%clk 0:25:19]} Nbd3+
{[%clk 0:33:46]} 23. Kd1 {[%clk 0:23:38]} Qxb6 {[%clk 0:33:58]} 0-1

[Event "DEM U14w 2014"]
[Site "Magdeburg GER"]
[Date "2014.06.14"]
[Round "9"]
[White "Wächter, Nathalie"]
[Black "Ley, Sabrina"]
[Result "0-1"]
[Termination "normal"]
[Board "6"]
[WhiteElo "1762"]
[BlackElo "1482"]
[WhiteClock "00:30:04"]
[BlackClock "00:25:00"]
[PlyCount "112"]
[WhiteFideId "12921033"]
[BlackFideId "12938130"]
[EventCountry "GER"]
[EventRounds "9"]
[EventType "swiss"]
[EventDate "2014.06.07"]

1. d4 {[%clk 1:30:56]} Nf6 {[%clk 1:30:51]} 2. c4 {[%clk 1:30:37]} g6 {[%clk
1:31:09]} 3. Nc3 {[%clk 1:30:58]} Bg7 {[%clk 1:31:19]} 4. g3 {[%clk 1:31:19]}
d6 {[%clk 1:29:38]} 5. Nf3 {[%clk 1:31:24]} O-O {[%clk 1:29:15]} 6. Bg2 {[%clk
1:31:48]} Nc6 {[%clk 1:28:30]} 7. d5 {[%clk 1:31:36]} Na5 {[%clk 1:28:28]} 8.
Qd3 {[%clk 1:27:49]} c5 {[%clk 1:27:35]} 9. dxc6 {[%clk 1:17:35]} Nxc6 {[%clk
1:24:29]} 10. a3 {[%clk 1:17:11]} Nd7 {[%clk 1:17:22]} 11. b3 {[%clk 1:11:56]}
Nc5 {[%clk 1:11:05]} 12. Qc2 {[%clk 1:11:24]} Bf5 {[%clk 1:09:02]} 13. Qb2
{[%clk 1:02:39]} Ne4 {[%clk 1:04:10]} 14. Bd2 {[%clk 1:01:05]} Qb6 {[%clk
1:02:31]} 15. O-O {[%clk 0:59:46]} Na5 {[%clk 1:01:39]} 16. Ra2 {[%clk
0:32:41]} Qxb3 {[%clk 0:51:18]} 17. Qxb3 {[%clk 0:32:57]} Nxb3 {[%clk 0:51:47]}
18. Nxe4 {[%clk 0:33:03]} Bxe4 {[%clk 0:52:16]} 19. Be3 {[%clk 0:31:42]} Rfc8
{[%clk 0:48:40]} 20. Nh4 {[%clk 0:28:33]} Bxg2 {[%clk 0:47:45]} 21. Kxg2 {[%clk
0:28:43]} Na5 {[%clk 0:43:36]} 22. Rb1 {[%clk 0:25:36]} b6 {[%clk 0:43:02]} 23.
Bg5 {[%clk 0:23:45]} Kf8 {[%clk 0:34:57]} 24. Nf3 {[%clk 0:16:27]} Rxc4 {[%clk
0:33:08]} 25. Nd2 {[%clk 0:15:29]} Rc6 {[%clk 0:30:22]} 26. Nb3 {[%clk
0:11:39]} Nxb3 {[%clk 0:29:09]} 27. Rxb3 {[%clk 0:12:01]} Rac8 {[%clk 0:29:05]}
28. a4 {[%clk 0:11:29]} Rc2 {[%clk 0:26:49]} 29. Rxc2 {[%clk 0:07:17]} Rxc2
{[%clk 0:27:18]} 30. Kf3 {[%clk 0:06:08]} Rc3+ {[%clk 0:24:49]} 31. Rxc3 {[%clk
0:06:31]} Bxc3 {[%clk 0:25:17]} 32. Ke4 {[%clk 0:06:55]} e6 {[%clk 0:25:15]}
33. Kd3 {[%clk 0:06:35]} Bb2 {[%clk 0:21:39]} 34. Kc4 {[%clk 0:06:27]} Ke8
{[%clk 0:21:12]} 35. Be3 {[%clk 0:01:12]} Ba3 {[%clk 0:20:45]} 36. Kb5 {[%clk
0:01:04]} Bc5 {[%clk 0:20:23]} 37. Kc6 {[%clk 0:01:01]} Ke7 {[%clk 0:16:59]}
38. Kb7 {[%clk 0:01:01]} Kd7 {[%clk 0:16:23]} 39. Ka6 {[%clk 0:00:39]} Kc6
{[%clk 0:15:08]} 40. h3 {[%clk 0:00:46]} Bxe3 {[%clk 0:12:59]} 41. fxe3 {[%clk
0:01:07]} g5 {[%clk 0:11:43]} 42. Kxa7 {[%clk 0:29:50]} h5 {[%clk 0:39:05]} 43.
Kb8 {[%clk 0:29:54]} f5 {[%clk 0:28:47]} 44. Kc8 {[%clk 0:30:06]} g4 {[%clk
0:27:54]} 45. h4 {[%clk 0:29:57]} e5 {[%clk 0:27:25]} 46. Kd8 {[%clk 0:29:42]}
f4 {[%clk 0:27:06]} 47. exf4 {[%clk 0:30:05]} exf4 {[%clk 0:27:30]} 48. gxf4
{[%clk 0:30:27]} g3 {[%clk 0:27:32]} 49. f5 {[%clk 0:30:53]} g2 {[%clk
0:27:50]} 50. f6 {[%clk 0:31:19]} g1=Q {[%clk 0:25:20]} 51. f7 {[%clk 0:31:32]}
Qf2 {[%clk 0:25:22]} 52. Ke7 {[%clk 0:31:41]} Qxe2+ {[%clk 0:25:26]} 53. Kf6
{[%clk 0:31:37]} Qf3+ {[%clk 0:25:30]} 54. Kg6 {[%clk 0:30:27]} Qg4+ {[%clk
0:25:38]} 55. Kh6 {[%clk 0:30:27]} Qf5 {[%clk 0:24:53]} 56. Kg7 {[%clk
0:30:04]} d5 {[%clk 0:25:00]} 0-1

[Event "DEM U14w 2014"]
[Site "Magdeburg GER"]
[Date "2014.06.14"]
[Round "9"]
[White "Riegel, Arinna"]
[Black "Peters, Theresa"]
[Result "1/2-1/2"]
[Termination "normal"]
[Board "7"]
[WhiteElo "1613"]
[BlackElo "1636"]
[PlyCount "98"]
[WhiteFideId "12931446"]
[BlackFideId "12952192"]
[EventCountry "GER"]
[EventRounds "9"]
[EventType "swiss"]
[EventDate "2014.06.07"]

1. e4 c5 2. Nf3 a6 3. c4 e6 4. d4 cxd4 5. Nxd4 Nc6 6. Nc3 Nf6 7. Nxc6 bxc6 8.
Bd3 d5 9. exd5 cxd5 10. cxd5 Nxd5 11. Be4 Bb4 12. O-O Bxc3 13. bxc3 Ra7 14. c4
Nf6 15. Qxd8+ Kxd8 16. Bf3 Rd7 17. Be3 e5 18. Bb6+ Ke7 19. Rad1 Rxd1 20. Rxd1
Be6 21. Bc5+ Ke8 22. Bc6+ Bd7 23. Bxd7+ Nxd7 24. Bd6 f6 25. c5 Kf7 26. Rb1 Rc8
27. Rc1 Rc6 28. f3 Ke6 29. Rb1 g6 30. Kf2 Kd5 31. Rb7 Nxc5 32. Bxc5 Rxc5 33.
Rxh7 Ke6 34. a3 Ra5 35. Ra7 Rxa3 36. g4 f5 37. Rb7 Rd3 38. Rb6+ Rd6 39. gxf5+
gxf5 40. Rb2 f4 41. Ra2 Kf5 42. h3 Re6 43. Ra5 Rh6 44. Kg2 Rg6+ 45. Kf2 Re6 46.
Kg2 Rh6 47. Ra4 Kg5 48. Ra5 Re6 49. Kh2 Kf5 1/2-1/2

[Event "DEM U14w 2014"]
[Site "Magdeburg GER"]
[Date "2014.06.14"]
[Round "9"]
[White "Reinecke, Katharina"]
[Black "Cejda, Cecilia"]
[Result "1/2-1/2"]
[Termination "normal"]
[Board "8"]
[WhiteElo "1599"]
[BlackElo "1552"]
[PlyCount "75"]
[WhiteFideId "12929727"]
[BlackFideId "12921122"]
[EventCountry "GER"]
[EventRounds "9"]
[EventType "swiss"]
[EventDate "2014.06.07"]

1. d4 Nf6 2. c4 g6 3. g3 Bg7 4. Bg2 O-O 5. Nf3 Nc6 6. Nc3 d5 7. O-O Bg4 8. cxd5
Nxd5 9. Nxd5 Qxd5 10. Ne5 Qe6 11. Nxg4 Qxg4 12. e3 Qxd1 13. Rxd1 Rad8 14. Bd2
Rd6 15. Rac1 Rc8 16. b3 Nd8 17. Rc2 c6 18. Bh3 Ne6 19. Rdc1 Rcd8 20. Bb4 R6d7
21. Bg2 f5 22. h4 Nc7 23. a4 e5 24. dxe5 Bxe5 25. Bf3 Rd3 26. Bc3 Bxc3 27. Rxc3
Rxc3 28. Rxc3 Na6 29. Be2 Nb4 30. Bc4+ Kg7 31. Kf1 Kf6 32. Ke2 a6 33. Bd3 Nxd3
34. Rxd3 Rxd3 35. Kxd3 Ke5 36. f3 Kd5 37. Kc3 a5 38. b4 1/2-1/2

[Event "DEM U14w 2014"]
[Site "Magdeburg GER"]
[Date "2014.06.14"]
[Round "9"]
[White "Böse, Carolin"]
[Black "Ratay, Meike"]
[Result "1/2-1/2"]
[Termination "normal"]
[Board "9"]
[WhiteElo "1518"]
[BlackElo "1513"]
[PlyCount "49"]
[WhiteFideId "12929646"]
[BlackFideId "12977608"]
[EventCountry "GER"]
[EventRounds "9"]
[EventType "swiss"]
[EventDate "2014.06.07"]

1. e4 e5 2. Nf3 Nc6 3. Bc4 Bc5 4. O-O d6 5. c3 Bg4 6. b4 Bb6 7. a4 a6 8. d3 Nf6
9. Bg5 h6 10. Bxf6 Qxf6 11. Nbd2 g5 12. b5 axb5 13. axb5 Na7 14. Bd5 Rb8 15.
Bc4 Rg8 16. h3 Bh5 17. g4 Bg6 18. Nh2 Qf4 19. Kg2 Rh8 20. Ndf3 h5 21. Qd2 Qxd2
22. Nxd2 hxg4 23. Nxg4 Ke7 24. Ne3 Bxe3 25. fxe3 1/2-1/2

[Event "DEM U14w 2014"]
[Site "Magdeburg GER"]
[Date "2014.06.14"]
[Round "9"]
[White "Kail, Sindy"]
[Black "Sewald, Kathrin"]
[Result "1/2-1/2"]
[Termination "normal"]
[Board "10"]
[WhiteElo "1487"]
[BlackElo "1540"]
[PlyCount "107"]
[WhiteFideId "12988502"]
[BlackFideId "12964557"]
[EventCountry "GER"]
[EventRounds "9"]
[EventType "swiss"]
[EventDate "2014.06.07"]

1. e4 e5 2. Nf3 Nc6 3. Bc4 d6 4. d4 f6 5. h3 Bd7 6. Be3 Nce7 7. c3 Ng6 8. Qb3
Nh6 9. Bxh6 gxh6 10. Bf7+ Ke7 11. O-O Nf4 12. Nh4 Bc8 13. Bg8 Qe8 14. Nf5+ Bxf5
15. exf5 Qh5 16. Be6 Qg5 17. Qxb7 Nxe6 18. fxe6 Bg7 19. d5 Rhc8 20. Qc6 Kf8 21.
Na3 a6 22. Nc4 f5 23. Qd7 Kg8 24. Qf7+ Kh8 25. Na5 Bf6 26. Nc6 Rg8 27. g3 Rg7
28. h4 Qg6 29. Qxg6 Rxg6 30. Kh2 Rag8 31. Rg1 Rg4 32. b3 Bxh4 33. Rad1 Bf6 34.
f3 R4g5 35. c4 Rh5+ 36. Kg2 f4 37. g4 Rhg5 38. Kf2 R5g6 39. Rh1 Bg5 40. Rde1
Kg7 41. b4 Bf6 42. c5 Rg5 43. Re4 h5 44. Rxh5 Rxh5 45. gxh5 Kh6 46. Re1 Bh4+
47. Ke2 Bxe1 48. Kxe1 Kxh5 49. Kf2 Kh4 50. e7 Kh3 51. cxd6 cxd6 52. a4 Rg2+ 53.
Ke1 Rg8 54. Kf2 1/2-1/2

[Event "DEM U14w 2014"]
[Site "Magdeburg GER"]
[Date "2014.06.14"]
[Round "9"]
[White "Müller, Sophie"]
[Black "Lohrmann, Tabea"]
[Result "1-0"]
[Termination "normal"]
[Board "11"]
[WhiteElo "1460"]
[BlackElo "1484"]
[PlyCount "115"]
[WhiteFideId "12926698"]
[BlackFideId "12911941"]
[EventCountry "GER"]
[EventRounds "9"]
[EventType "swiss"]
[EventDate "2014.06.07"]

1. d4 d5 2. c4 e6 3. Nc3 Nf6 4. Nf3 c5 5. cxd5 Nxd5 6. Nxd5 Qxd5 7. e3 Nc6 8.
Bb5 Bd7 9. O-O O-O-O 10. dxc5 Qxc5 11. Qe2 Be7 12. a3 g5 13. b4 Qf5 14. Bb2 g4
15. Bxc6 gxf3 16. Bxf3 Rhg8 17. Qc4+ Kb8 18. Qe4 Qb5 19. Qe5+ Ka8 20. Qxb5 Bxb5
21. Rfd1 Rc8 22. Rac1 Kb8 23. h3 Ba4 24. Rxc8+ Rxc8 25. Rc1 Rd8 26. Be5+ Bd6
27. Bf6 Rd7 28. Be4 h6 29. g4 Be7 30. Bxe7 Rxe7 31. Rc3 f6 32. Bd3 Rd7 33. Kg2
Rd5 34. Bc4 Re5 35. f4 Re4 36. Kf3 Bc6 37. Kf2 Kc7 38. Bd3 Kd6 39. Rxc6+ Kxc6
40. Bxe4+ Kb5 41. Bxb7 Ka4 42. Bc6+ Kxa3 43. b5 Kb4 44. h4 Kc5 45. g5 fxg5 46.
hxg5 hxg5 47. fxg5 Kd6 48. Kf3 Ke7 49. Kf4 Kf7 50. Ke5 Ke7 51. g6 Kf8 52. Kxe6
Kg7 53. e4 Kxg6 54. e5 Kg7 55. Kd7 Kf7 56. e6+ Kf6 57. e7 Kf5 58. e8=Q 1-0

[Event "DEM U14w 2014"]
[Site "Magdeburg GER"]
[Date "2014.06.14"]
[Round "9"]
[White "Christiansen, Anna"]
[Black "Kummer, Birte"]
[Result "1/2-1/2"]
[Termination "normal"]
[Board "13"]
[WhiteElo "1330"]
[BlackElo "1297"]
[PlyCount "79"]
[WhiteFideId "12952230"]
[BlackFideId "12952214"]
[EventCountry "GER"]
[EventRounds "9"]
[EventType "swiss"]
[EventDate "2014.06.07"]

1. e4 e5 2. d4 exd4 3. Qxd4 Nc6 4. Qe3 d6 5. Bd2 Be6 6. Nc3 a6 7. O-O-O Nf6 8.
Be2 Be7 9. f3 b5 10. g4 Nd7 11. b3 Nb6 12. f4 b4 13. Nb1 Na7 14. Bxb4 c5 15.
Bc3 Rg8 16. h4 Nc6 17. Nf3 Bxg4 18. Ng5 Bxe2 19. Qxe2 h6 20. Nf3 Qc7 21. Rdg1
g6 22. h5 d5 23. Bd2 Qd6 24. Nc3 d4 25. e5 Qe6 26. Ne4 Kd7 27. hxg6 Rxg6 28.
Rxg6 Qxg6 29. Nh4 Bxh4 30. Rxh4 a5 31. Nxc5+ Kc7 32. Rg4 Qf5 33. Rh4 Qg6 34.
Qh2 Rh8 35. e6 Qf5 36. exf7 Qxc5 37. Rxh6 Rxh6 38. Qxh6 Nd7 39. Qh7 Nd8 40.
Bxa5+ 1/2-1/2

[Event "DEM U14w 2014"]
[Site "Magdeburg GER"]
[Date "2014.06.14"]
[Round "9"]
[White "Wallat, Jessica"]
[Black "Duan, Muxi"]
[Result "1-0"]
[Termination "normal"]
[Board "14"]
[WhiteElo "1578"]
[BlackElo "1052"]
[PlyCount "55"]
[WhiteFideId "12909637"]
[BlackFideId "12971960"]
[EventCountry "GER"]
[EventRounds "9"]
[EventType "swiss"]
[EventDate "2014.06.07"]

1. e4 e5 2. Nf3 Nc6 3. Bc4 Bc5 4. c3 Nf6 5. d4 exd4 6. e5 d5 7. Bb5 Ne4 8. cxd4
Bb4+ 9. Bd2 Bxd2+ 10. Nbxd2 Bg4 11. Qc2 Nxd2 12. Nxd2 Bd7 13. Bxc6 Bxc6 14. Nf3
O-O 15. O-O Re8 16. Qf5 Bd7 17. Qf4 Be6 18. Rfe1 Qd7 19. Re3 Rf8 20. Rc1 c6 21.
Nd2 Rae8 22. Rg3 f6 23. exf6 Re7 24. Qh6 Ref7 25. fxg7 Rxg7 26. Rxg7+ Qxg7 27.
Qxe6+ Kh8 28. Qe5 1-0